000
00277nam a22000977a 4500
008
131105b xxu||||| |||| 00| 0 eng d
020
_a
8177582313
_c
Available
050
_a
005.8MCC
245
_a
Web Hacking Attack and Defense
_c
McClure Stuart
260
_a
India
_b
Pearson Education
_c
2006
999
_c
23511
_d
23511